00442nam a2200157Ia 45000010006000000050017000060080041000230410008000640820015000721000027000872450118001142600009002323000027002416500008002686540008002761986120260306172724.0260306t2014||||xx |||||||||||||| ||spa|| aESP a341.2bS21 aSantiago, AlfonsoeAUT 0aEl alcance del control judicial de razonabilidad de las políticas públicas. perspectiva argentina y comparada c2014 a32 páginas :c22 cm. aGEN aCDE